000 00585nam a22001937a 4500
999 _c6425
_d6425
003 AR-CdUCM
008 190315b ||||| |||| 00| 0 spa d
040 _aMUNICIPALIDAD PROVINCIAL DEL CUSCO
_cBIBLIOTECA MUNICIPAL DEL CUSCO
082 _a869.56 /
_bS25
100 _aSartre, Jean Paul
_9911
245 _aLa victoria /
260 _bL´Express,
300 _a22 paginas ;
_c22 cm.
500 _aDonación familia Nieto
505 _aContenido :Sobre la tortura en Argelia y la obra de Alleg: "La tortura" /
650 _aTortura
_910051
942 _2ddc
_cLIBROS
945 _arjall